000 00741nam a2200217 a 4500
001 000021851
005 20260323094208.0
008 100913s1964 it r 000 0 ita d
040 _aDO-SdBNP
_bspa
_cBNPHU
082 _a345.04
_bCh532r
100 1 _aChiaraviglio, Luigi
_945370
245 1 3 _aLe responsabilità penali nelle aziende /
_cLuigi Chiaraviglio.
260 _aMilano, Italia :
_bDott. A. Giuffré editore,
_c1964.
300 _a483 p. ;
_c24 cm.
500 _aIncluye bibliografía p. [433-444].
500 _aIncluye leyes especiales que se mencionan p. [445-451].
500 _aIncluye índice analítico-Alfabético.
650 0 _aResponsabilidad penal
_931081
650 0 _aResponsabildad legal
_931082
049 _aBNGR
999 _c21349
_d21349